|
|
|
|
| LEADER |
00000nbm0a2200000 4500 |
| 001 |
154217 |
| 005 |
20231031151808.0 |
| 029 |
0 |
0 |
|a SU
|b 081091808
|f ТПУ
|
| 035 |
|
|
|a (RuTPU)RU\TPU\book\167278
|
| 090 |
|
|
|a 154217
|
| 100 |
|
|
|a 20090224d1985 k y0rusy50 ca
|
| 101 |
0 |
|
|a rus
|
| 102 |
|
|
|a RU
|
| 105 |
|
|
|a a p 001zy
|
| 200 |
1 |
|
|a Исследование, проектирование и оптимизация на ЭВМ технологических процессов наложения и вулканизации резиновой оболочки кабельных изделий
|a Теоретические основы исследования и проектирования технологического процесса при изготовлении кабельных изделий с резиновой оболочкой
|e Заключительный отчет о НИР
|e Тема: х/д 6-54/81
|f Томский политехнический институт (ТПИ) ; руководитель А. А. Татарников ; Г. Д. Китаева
|
| 210 |
|
|
|a Томск
|d 1985
|
| 215 |
|
|
|a 123 л.
|
| 320 |
|
|
|a Библиогр.: с. 121-123.
|
| 610 |
1 |
|
|a отчеты о НИР
|
| 610 |
1 |
|
|a математические модели
|
| 610 |
1 |
|
|a анализ
|
| 610 |
1 |
|
|a экструзия
|
| 610 |
1 |
|
|a резиновые смеси
|
| 675 |
|
|
|a 621.315.211:621.315.616.7(04)
|v 3
|
| 702 |
|
1 |
|a Татарников
|b А. А.
|4 673
|
| 702 |
|
1 |
|a Китаева
|b Г. Д.
|4 677
|
| 712 |
0 |
2 |
|a Томский политехнический институт (ТПИ)
|c (1944-1991)
|2 stltpush
|3 (RuTPU)RU\TPU\col\1123
|4 595
|
| 801 |
|
1 |
|a RU
|b 63413507
|c 20090224
|g PSBO
|
| 801 |
|
2 |
|a RU
|b 63413507
|c 20180528
|g RCR
|
| 942 |
|
|
|c BK
|